000 01355nam a2200313 i 4500
001 000015119
003 DO-SdBNP
005 20241106090625.0
007 ta
008 100201s2005 dr 001 0 spa d
040 _aDO-SdBNP
_bspa
_cBNPHU
_erda
041 _aspa
082 4 _a423.61
_bI19e 2005
_222
245 0 0 _aIdiomatic expressions english spanish = Expresiones idiomáticas inglés-español :
_bmost common idiomatic expressions used in the United States = expresiones idiomáticas más usadas en los Estados Unidos /
_ccompilador, José Ramón Acosta.
246 0 1 _aExpresiones idiomáticas inglés-español : expresiones idiomáticas más usadas en los Estados Unidos
250 _aPrimera edición
264 1 _aSanto Domingo, República Dominicana :
_bImprenta Pieraldi,
_c2005.
300 _a93 páginas :
_c21 cm.
336 _atexto
_btxt
_2rdacontent
337 _asin mediación
_bn
_2rdamedia
338 _avolumen
_bnc
_2rdacarrier
500 _aTexto en Inglés - Español, español - inglés.
590 _aInventariado, 2024/ YL
650 4 _aInglés
_xPalabras y frases
_xEspañol
_xDiccionarios
_92054
650 4 _aEspañol
_xPalabras y frases
_xInglés
_xDiccionarios
_92055
700 1 2 _aAcosta, José Ramón,
_ecompilador
_4comp.
_92056
910 _aYLockward/ Validado. Control de calidad MFF
942 _2ddc
_cLBS1
999 _c14691
_d14691